Оценивание опционов европейского типа с учетом зависимости волатильности от приращений цен; Повышение эффективности научных исследований и совершенствование учебного процесса; Ч. 1

Detaylı Bibliyografya
Parent link:Повышение эффективности научных исследований и совершенствование учебного процесса: тезисы докладов межрегиональной научно-методической конференции, 18 ноября 2000 г. : [в 5 ч.].— , 2000
Ч. 1.— 2000.— С. 23-24
Yazar: Калашникова Т. В. Татьяна Владимировна
Özet:В фонде НТБ ТПУ отсутствует
Dil:Rusça
Baskı/Yayın Bilgisi: 2000
Konular:
Materyal Türü: Kitap Bölümü
KOHA link:https://koha.lib.tpu.ru/cgi-bin/koha/opac-detail.pl?biblionumber=601649

MARC

LEADER 00000naa0a2200000 4500
001 601649
005 20250901134516.0
035 |a (RuTPU)RU\TPU\tpu\26659 
035 |a RU\TPU\tpu\26658 
090 |a 601649 
100 |a 20150203d2000 k y0rusy50 ca 
101 0 |a rus 
102 |a RU 
200 1 |a Оценивание опционов европейского типа с учетом зависимости волатильности от приращений цен  |f Т. В. Калашникова 
333 |a В фонде НТБ ТПУ отсутствует 
461 1 |t Повышение эффективности научных исследований и совершенствование учебного процесса  |o тезисы докладов межрегиональной научно-методической конференции, 18 ноября 2000 г. : [в 5 ч.]  |d 2000 
463 1 |t Ч. 1  |v С. 23-24  |d 2000 
610 1 |a труды учёных ТПУ 
700 1 |a Калашникова  |b Т. В.  |c специалист в области менеджмента  |c доцент Томского политехнического университета, кандидат технических наук  |f 1970-  |g Татьяна Владимировна  |3 (RuTPU)RU\TPU\pers\27132  |9 12672 
801 1 |a RU  |b 63413507  |c 20150202 
801 2 |a RU  |b 63413507  |c 20150203  |g RCR 
942 |c BK